000 00586nam a2200217Ia 4500
003 OSt
005 20230418123238.0
008 210423s2003 xx 000 0 und d
040 _cAL
041 _aeng
082 _a331
_223
_bMAMD
100 _aMAMORIA (C B);SCHANTZ (Malcolm Von)
_977934
245 _aDynamics of industrial relations
260 _aMumbai
_bHimalaya Publishing House
_c2003
300 _axvii,891
365 _b298
_cINR
650 _aEconomics
_977935
650 _aLabour Economics
_977936
906 _aDynamics ; industrial ; relations
942 _2ddc
_cBK
999 _c155103
_d155103